LEADER 03232nam 22006853 450 001 9910861952603321 005 20251116152934.0 010 $a9783839468319 010 $a3839468310 024 7 $a10.1515/9783839468319 035 $a(CKB)32140551400041 035 $a(MiAaPQ)EBC31361145 035 $a(Au-PeEL)EBL31361145 035 $a(DE-B1597)671905 035 $a(DE-B1597)9783839468319 035 $a(ScCtBLL)03889ddf-1760-447a-9b56-108bf3b9a9d0 035 $a(Perlego)4300964 035 $a(EXLCZ)9932140551400041 100 $a20240605d2024 uy 0 101 0 $ager 135 $aur||||||||||| 181 $ctxt$2rdacontent 182 $cc$2rdamedia 183 $acr$2rdacarrier 200 10$aDenken des Medialen $eZur Bedeutung Des »Dazwischen« 205 $a1st ed. 210 1$aBielefeld :$ctranscript Verlag,$d2024. 210 4$d©2024. 215 $a1 online resource (233 pages) 225 1 $aEdition Medienwissenschaft Series 311 08$a9783837668315 311 08$a3837668312 327 $tFrontmatter -- $tInhalt -- $tDenken des Dazwischen -- $tUnd ? Das Zwischen als Grenze der Bedeutung -- $tExpressivität als passive Produktivität -- $tDerrida and/on Husserl -- $t»Die Welt liegt zwischen den Menschen.« -- $tZwischen dem Privaten und dem Öffentlichen -- $tGestalt und Gestell ? nach Heidegger -- $tÜbung im Denken ? Der Moment des Dazwischen in Manon de Boers An Experiment in Leisure -- $tVon einer bildlichen Erkenntnisweise ? einem Dazwischen, das aufblitzt -- $tGemalte Vermittlerin -- $tPhilosophieren im Dazwischen ? eine Polyphonie -- $tZwischen den Stühlen stehen -- $tZu den Autor:innen 330 $aAls Mitte und Mittelndes befinden Medien sich in einem grundsätzlichen Dazwischen, das geeignet ist, falschen Gegensätzen zugunsten eines spannungsreichen Sowohl-als-auch zu entkommen. Aus kunst-, kultur- und medienphilosophischer Perspektive fragen die Beiträger*innen des Bandes nach den Erscheinungsweisen eines medialen Zwischenraumes. Wenn wir die Mitte nicht nur räumlich, sondern auch zeitlich denken - nämlich als Weg und Bewegung der Vermittlung - geraten weitere Qualitäten des Medialen in den Blick. Gegenüber einem vermittlungs- und formvergessenen Denken gilt es, die Bedeutung des Dazwischen hervorzuheben, durch die die Gegenstände geistiger Bezugnahme erst zu dem werden, was sie sind. 410 0$aEdition Medienwissenschaft Series 606 $aPHILOSOPHY / Social$2bisacsh 610 $aAesthetics. 610 $aAgency. 610 $aCulture. 610 $aForm. 610 $aImparting. 610 $aKnowledge. 610 $aMedia Philosophy. 610 $aMedia Theory. 610 $aMedium. 610 $aPhilosophy of Culture. 610 $aPhilosophy. 610 $aSpace. 610 $aTime. 615 7$aPHILOSOPHY / Social. 700 $aSternagel$b Jo?rg$01612945 701 $aSchu?rmann$b Eva$01679064 712 02$aUniversita?t Passau,$4fnd$4http://id.loc.gov/vocabulary/relators/fnd 801 0$bMiAaPQ 801 1$bMiAaPQ 801 2$bMiAaPQ 906 $aBOOK 912 $a9910861952603321 996 $aDenken des Medialen$94160801 997 $aUNINA